[Event "St Petersburg Korchnoi Memorial op"]
[Site "St Petersburg"]
[Date "2018.08.22"]
[Round "8"]
[White "Markova, Anna"]
[Black "Mqami, Ibrahim"]
[Result "0-1"]
[WhiteElo "1530"]
[BlackElo "1687"]
[PlyCount "82"]
[EventDate "2018.08.15"]
[EventType "swiss"]
[EventRounds "9"]
[EventCountry "RUS"]
[SourceTitle "CBM 186 Extra"]
[Source "ChessBase"]
[SourceDate "2018.08.24"]
[SourceVersion "1"]
[SourceVersionDate "2018.08.24"]
[SourceQuality "1"]

1. c4 e6 2. d4 d5 3. Nc3 Be7 4. Bf4 c6 5. e3 Nf6 6. cxd5 exd5 7. Bd3 0-0 8. Nf3 Nbd7 9. Qc2 Re8 10. 0-0 Nf8 11. a3 Nh5 12. Be5 Bd6 13. b4 a6 14. Na4 Ng6 15. Bxd6 Qxd6 16. Nb6 Rb8 17. Qc5 Qe7 18. Rfe1 Nf6 19. Bxg6 hxg6 20. Qxe7 Rxe7 21. Rac1 Ne4 22. Ne5 Bf5 23. f3 Nd6 24. g4 Be6 25. Na4 g5 26. Nc5 Bc8 27. e4 Nb5 28. exd5 Nxd4 29. d6 Rxe5 30. Kf2 Rxe1 31. Rxe1 Be6 32. Re4 Nb5 33. d7 Rd8 34. Nxb7 Rxd7 35. Nc5 Rd2+ 36. Kg3 Nxa3 37. Nxa6 Bd5 38. Re8+ Kh7 39. Rd8 Rd3 40. Kf2 Rxf3+ 41. Kg1 Nc2 0-1

[Event "RUS-ch U26"]
[Site "Novokuznetsk"]
[Date "2007.10.26"]
[Round "5"]
[White "Timofeeva, Ekaterina"]
[Black "Markova, Anna"]
[Result "1-0"]
[WhiteElo "2263"]
[BlackElo "2099"]
[PlyCount "43"]
[EventDate "2007.10.22"]
[EventType "swiss"]
[EventRounds "9"]
[EventCountry "RUS"]
[SourceTitle "EXT 2009"]
[Source "ChessBase"]
[SourceDate "2008.11.26"]
[SourceVersion "1"]
[SourceVersionDate "2008.11.26"]
[SourceQuality "1"]

1. Nf3 d5 2. g3 Nf6 3. Bg2 g6 4. 0-0 Bg7 5. d4 0-0 6. Ne5 Nbd7 7. c4 e6 8. Nc3 c5 9. Nxd7 Qxd7 10. dxc5 dxc4 11. Bf4 Rd8 12. Qc2 Qe8 13. Bc7 Rd7 14. Be5 Nd5 15. Bxg7 Kxg7 16. Ne4 b6 17. Qxc4 Rb8 18. c6 Rc7 19. Rac1 Qe7 20. Nd2 Qd6 21. Qd4+ f6 22. e4 1-0

[Event "RUS-ch U26"]
[Site "Novokuznetsk"]
[Date "2007.10.22"]
[Round "1"]
[White "Onoprijchuk, Boris"]
[Black "Markova, Anna"]
[Result "1-0"]
[WhiteElo "2351"]
[BlackElo "2099"]
[PlyCount "76"]
[EventDate "2007.10.22"]
[EventType "swiss"]
[EventRounds "9"]
[EventCountry "RUS"]
[SourceTitle "EXT 2009"]
[Source "ChessBase"]
[SourceDate "2008.11.26"]
[SourceVersion "1"]
[SourceVersionDate "2008.11.26"]
[SourceQuality "1"]

1. e4 e5 2. Nf3 Nc6 3. Bb5 Bc5 4. 0-0 Nge7 5. c3 Bb6 6. d4 exd4 7. cxd4 d5 8. exd5 Nxd5 9. Re1+ Be6 10. Ne5 Qd6 11. Nc3 0-0 12. Nc4 Qd7 13. Ne4 Nde7 14. Be3 Bxd4 15. Nc5 Qd5 16. Bxd4 Qxd4 17. Nxe6 fxe6 18. Qe2 Kh8 19. Ne3 a6 20. Bc4 Qb6 21. Ng4 Nd4 22. Qe4 Ng6 23. Qb1 Rad8 24. a4 Nf4 25. Ne5 Rf5 26. Qe4 c5 27. b3 Qc7 28. a5 Rdf8 29. f3 Qe7 30. Kh1 Rd8 31. Ra2 Nd5 32. Bxd5 Rxd5 33. Qxd5 exd5 34. Ng6+ hxg6 35. Rxe7 Nxb3 36. Rxb7 c4 37. Rb6 Rf6 38. Ra4 Kg8 1-0